Just one of the guys? : transgender men and the persistence of gender inequality /

Bibliographic Details
Main Author: Schilt, Kristen
Format: eBook
Language:English
Published: Chicago : University of Chicago Press, 2010.
Subjects:
Online Access:Connect to the full text of this electronic book

MARC

Tag First Indicator Second Indicator Subfields
LEADER 00000cam a2200000Ia 4500
001 in00002690621
006 m d
007 cr cn|||||||||
008 100402s2010 ilu ob 001 0 eng d
005 20250816205540.7
010 |z  2010014183 
020 |z 9780226738055 
020 |z 9780226738079 
020 |z 0226738051 
020 |z 0226738078 
035 |a (CaPaEBR)ebr10448176 
035 |a (OCoLC)704275118 
040 |a CaPaEBR  |c CaPaEBR  |d UtOrBLW 
050 1 4 |a HD6285  |b .S35 2010eb 
100 1 |a Schilt, Kristen. 
245 1 0 |a Just one of the guys? :  |b transgender men and the persistence of gender inequality /  |c Kristen Schilt. 
264 1 |a Chicago :  |b University of Chicago Press,  |c 2010. 
300 |a x, 216 pages 
336 |a text  |b txt  |2 rdacontent 
337 |a computer  |b c  |2 rdamedia 
338 |a online resource  |b cr  |2 rdacarrier 
504 |a Includes bibliographical references (pages [193]-210) and index. 
533 |a Electronic reproduction.  |b Palo Alto, Calif. :  |c ebrary,  |d 2011.  |n Available via World Wide Web.  |n Access may be limited to ebrary affiliated libraries. 
500 |a Electronic resource. 
650 0 |a Transgender people  |x Employment. 
650 0 |a Sex discrimination in employment. 
655 7 |a Electronic books.  |2 local 
856 4 0 |u https://ebookcentral.proquest.com/lib/tamucs/detail.action?docID=660541  |y Connect to the full text of this electronic book  |t 0 
980 |a 120104  |b 70  |c USD  |e 105  |f YBP_EBR0000026548  |g 1 
999 f f |s 253906ac-f8c9-365a-974d-38c4ff8aef5b  |i 33e5c319-69ac-3f1f-9b58-57edd9a63e2b  |t 0 
999 |a MARS 
952 f f |a Texas A&M University  |b College Station  |c Electronic Resources  |d Available Online  |t 0  |e HD6285 .S35 2010eb  |h Library of Congress classification 
998 f f |a HD6285 .S35 2010eb  |t 0  |l Available Online